Wszystkie osoby na feacie u Sentino - Statystyki

Ogólne statystyki
  • Ten quiz został rozwiązany 34 razy
    10 od ostatniego zresetowania
  • Średni wynik to 13 z 26
Statystyki odpowiedzi
KSYWKA ALBUM NA KTÓRYM BYŁ % Poprawnych
Diho ZL1, ZL2, ZL3, ZL0, ZL5
100%
Malik Montana ZL1, ZL3
100%
Kaz Bałagane ZL1, ZL2, ZL5
90%
Koneser La Cultura Vol.1, BNP, ZL5
90%
Alberto La Cultura Vol.1, BNP
60%
Blacha Czary Mary
60%
Fagata La Cultura Vol.1
60%
Nitro Megalomania
60%
Schwesta Ewa Aporofobia
60%
Amadeusz Ferrari King Sento 2, Casablanca EP
50%
Bambo The Smuggler La Cultura Vol.1
50%
Bedoes Brak Słów
50%
Diox ZL3, ZL0
50%
Masny Ben Megalomania
50%
Trueman BNP
50%
Kubańczyk King Sento 2, Casablanca EP
40%
Popek ZL5
40%
TWR King Sento 2
40%
ArEs Kolejna Nocka
30%
Koldi ZL2
30%
Olejnik Kolejna Nocka
30%
YOGI La Cultura Vol.1
30%
Braddu ZL1
20%
PAMPI 042 La Cultura Vol.1
20%
Viki Gabor BNP
20%
Quoska BNP
10%
Nie znaleziono quizów pasujących do podanych kryteriów
Rozkład punktacji
Procent ludzi z każdym wynikiem
Percentyl według liczby udzielonych odpowiedzi
Twoja historia wyników
Nie rozwiązałeś tego quizu od ostatniego zresetowania